English Lake District:16 Largest (with map) - Statistics

General Stats
  • This quiz has been taken 458 times
  • The average score is 8 of 16
Answers on the Map
Answers color-coded by a green-red scale on the quiz's map according to % correct below.
 
Answer Stats
Body of Water Area (Hectares) % Correct
Windermere 1470.00
94%
Ullswater 890.00
75%
Derwent Water 540.00
70%
Coniston Water 490.00
62%
Buttermere 90.00
60%
Grasmere 60.00
57%
Wast Water 290.00
53%
Thirlmere 330.00
52%
Bassenthwaite Lake 530.00
43%
Rydal Water 30.00
41%
Crummock Water 250.00
39%
Haweswater 390.00
39%
Ennerdale Water 300.00
34%
Loweswater 60.00
32%
Esthwaite Water 113.40
21%
Devoke Water 34.60
14%
No matching quizzes found
Score Distribution
Percent of People with Each Score
Percentile by Number Answered
Your Score History
You have not taken this quiz